000 00909nam a22002897a 4500
001 BR6800481
003 BR-BrBNA
005 20230928083519.0
007 ta
008 230509b bl.||||| |||| 00| 0 por d
040 _aBR-BrBNA
_bpor
_cBiblioteca Nacional de Agricultura
041 _a(Por)
072 _aF60
_b1410
090 _ 1410 BR6800481
100 1 _aArruda, E.M.V.
110 1 _aUniversidade Federal do Parana, Curitiba (Brasil)
_0Tese (Mestrado)
245 1 _aDeterminacao de catalase em Phaseolus aureus [feijao, enzima]
260 3 _aCuritiba, PR (Brasil):
_c1968.
300 _a25 p.
500 _aSummary (Por); Bibliography p. 22-25 (59 ref.). (*) Documento disponível na(o) UFPR, Curitiba, PR (Brazil). Biblioteca Central
650 _aFEIJAO
650 _aANALISE QUIMICA
650 _aENZIMA
650 _aPROTEINA
909 _a202309
_bLucia
_c55
_dLucia Elande
942 _cBK
999 _c13900
_d13900